<?xml version="1.0" encoding="UTF-8"?><marc:collection xmlns:marc="http://www.loc.gov/MARC21/slim">
  <marc:record>
    <marc:leader>00000nas  2200000za 4500</marc:leader>
    <marc:controlfield tag="001">9.504780</marc:controlfield>
    <marc:controlfield tag="003">CaOODSP</marc:controlfield>
    <marc:controlfield tag="005">20240527135424</marc:controlfield>
    <marc:controlfield tag="007">cr |||||||||||</marc:controlfield>
    <marc:controlfield tag="008">150406c19579999onc x m o    f0   a0eng|d</marc:controlfield>
    <marc:datafield tag="040" ind1=" " ind2=" ">
      <marc:subfield code="a">CaOODSP</marc:subfield>
      <marc:subfield code="b">eng</marc:subfield>
    </marc:datafield>
    <marc:datafield tag="041" ind1=" " ind2=" ">
      <marc:subfield code="a">eng</marc:subfield>
      <marc:subfield code="b">fre</marc:subfield>
    </marc:datafield>
    <marc:datafield tag="043" ind1=" " ind2=" ">
      <marc:subfield code="a">n-cn---</marc:subfield>
    </marc:datafield>
    <marc:datafield tag="086" ind1="1" ind2=" ">
      <marc:subfield code="a">CW69-1E-PDF</marc:subfield>
    </marc:datafield>
    <marc:datafield tag="086" ind1="1" ind2=" ">
      <marc:subfield code="a">CW69-1-PDF</marc:subfield>
    </marc:datafield>
    <marc:datafield tag="130" ind1="0" ind2=" ">
      <marc:subfield code="a">Occasional paper (Canadian Wildlife Service)</marc:subfield>
    </marc:datafield>
    <marc:datafield tag="245" ind1="1" ind2="0">
      <marc:subfield code="a">Occasional paper </marc:subfield>
      <marc:subfield code="h">[electronic resource] / </marc:subfield>
      <marc:subfield code="c">Canadian Wildlife Service.</marc:subfield>
    </marc:datafield>
    <marc:datafield tag="246" ind1="3" ind2="3">
      <marc:subfield code="a">Occasional papers</marc:subfield>
    </marc:datafield>
    <marc:datafield tag="260" ind1=" " ind2=" ">
      <marc:subfield code="a">[Ottawa] : </marc:subfield>
      <marc:subfield code="b">Canadian Wildlife Service, </marc:subfield>
      <marc:subfield code="c">1957-</marc:subfield>
    </marc:datafield>
    <marc:datafield tag="310" ind1=" " ind2=" ">
      <marc:subfield code="a">Irregular</marc:subfield>
    </marc:datafield>
    <marc:datafield tag="362" ind1="1" ind2=" ">
      <marc:subfield code="a">Began with no. 1 (1957).</marc:subfield>
    </marc:datafield>
    <marc:datafield tag="520" ind1="3" ind2=" ">
      <marc:subfield code="a">Reports the peer-reviewed results of original research carried out by members of the Canadian Wildlife Service or supported by the Service. Included in the series are monitoring studies of Canadian species, natural histories, status reports on human hunting activities, habitat research, and the effects of human activities and environmental toxins on wildlife.</marc:subfield>
    </marc:datafield>
    <marc:datafield tag="546" ind1=" " ind2=" ">
      <marc:subfield code="a">Some issues in English only, some in English and French.</marc:subfield>
    </marc:datafield>
    <marc:datafield tag="690" ind1="0" ind2="7">
      <marc:subfield code="a">Scientific research</marc:subfield>
      <marc:subfield code="2">gcpds</marc:subfield>
    </marc:datafield>
    <marc:datafield tag="690" ind1="0" ind2="7">
      <marc:subfield code="a">Wildlife</marc:subfield>
      <marc:subfield code="2">gcpds</marc:subfield>
    </marc:datafield>
    <marc:datafield tag="710" ind1="2" ind2=" ">
      <marc:subfield code="a">Canadian Wildlife Service.</marc:subfield>
    </marc:datafield>
    <marc:datafield tag="775" ind1="0" ind2="8">
      <marc:subfield code="t">Publication hors série </marc:subfield>
      <marc:subfield code="w">(CaOODSP)9.501188</marc:subfield>
    </marc:datafield>
    <marc:datafield tag="776" ind1="0" ind2="#">
      <marc:subfield code="t">Occasional paper - Canadian Wildlife Service </marc:subfield>
      <marc:subfield code="w">(CaOODSP)9.514489</marc:subfield>
    </marc:datafield>
  </marc:record>
</marc:collection>
